000 00419nam a2200181Ia 4500
005 20250423095158.0
008 250422s9999 xx 000 0 und d
020 _a9788065562
050 _aPE 1111 .A33/
100 _aAgbara, Clara U. B.
245 0 _aElements of English Grammar
260 _aLagos
260 _bConcept Publications
260 _c2005
300 _a216 p
650 _aEnglish
942 _cBK
999 _c29483
_d29483